A visionary with a mission (Record no. 495297)

000 -LEADER
fixed length control field 00483cam a22001457a 4500
008 - FIXED-LENGTH DATA ELEMENTS--GENERAL INFORMATION
fixed length control field 180718b2003 xxu||||| |||| 00| 0 eng d
082 ## - DEWEY DECIMAL CLASSIFICATION NUMBER
Classification number A99 G747
245 ## - TITLE STATEMENT
Title A visionary with a mission
Statement of responsibility, etc. edited by D. Javare Gowda
260 ## - PUBLICATION, DISTRIBUTION, ETC.
Place of publication, distribution, etc. Bangalore
Name of publisher, distributor, etc. Directorate of Kannada and Culture
Date of publication, distribution, etc. 2003
300 ## - PHYSICAL DESCRIPTION
Extent 354p.
650 ## - SUBJECT ADDED ENTRY--TOPICAL TERM
Topical term or geographic name entry element Hasidim --United States --Biography
650 ## - SUBJECT ADDED ENTRY--TOPICAL TERM
Topical term or geographic name entry element Rabbis --United States --Biography
650 ## - SUBJECT ADDED ENTRY--TOPICAL TERM
Topical term or geographic name entry element Mendlowitz, Shraga Feivel, 1886-1948
700 ## - ADDED ENTRY--PERSONAL NAME
Personal name Gowda, D. Javare
Holdings
Withdrawn status Lost status Damaged status Not for loan Permanent Location Current Location Date acquired Full call number Barcode Date last seen Price effective from Koha item type
        Indian Institute of Public Administration Indian Institute of Public Administration 2018-08-04 A99 G747 GR18202 2018-08-04 2018-08-04 GR

Powered by Koha